<?xml version="1.0" encoding="UTF-8"?>
<record
    xmlns:xsi="http://www.w3.org/2001/XMLSchema-instance"
    xsi:schemaLocation="http://www.loc.gov/MARC21/slim http://www.loc.gov/standards/marcxml/schema/MARC21slim.xsd"
    xmlns="http://www.loc.gov/MARC21/slim">

  <leader>00458nam a22001457a 4500</leader>
  <controlfield tag="005">20260303121458.0</controlfield>
  <controlfield tag="008">260303b        |||||||| |||| 00| 0 eng d</controlfield>
  <datafield tag="020" ind1=" " ind2=" ">
    <subfield code="a">978-9914-44-760-6</subfield>
  </datafield>
  <datafield tag="100" ind1=" " ind2=" ">
    <subfield code="a">MBUVI, KENNETH </subfield>
  </datafield>
  <datafield tag="245" ind1=" " ind2=" ">
    <subfield code="a">OXFORD ACTIVE BUSINESS STUDIES: GRADE 10, LEARNER'S BOOK</subfield>
  </datafield>
  <datafield tag="260" ind1=" " ind2=" ">
    <subfield code="a">NAIROBI</subfield>
    <subfield code="b">OXFORD UNIVERSITY  PRESS</subfield>
    <subfield code="c">2025</subfield>
  </datafield>
  <datafield tag="300" ind1=" " ind2=" ">
    <subfield code="a">IV, 204P.</subfield>
  </datafield>
  <datafield tag="650" ind1=" " ind2=" ">
    <subfield code="a">BUSINESS STUDIES-TEXTBOOKS-STUDY AND TEACHING (SECONDARY)</subfield>
  </datafield>
  <datafield tag="942" ind1=" " ind2=" ">
    <subfield code="2">lcc</subfield>
    <subfield code="c">BK</subfield>
  </datafield>
  <datafield tag="999" ind1=" " ind2=" ">
    <subfield code="c">216759</subfield>
    <subfield code="d">216759</subfield>
  </datafield>
  <datafield tag="952" ind1=" " ind2=" ">
    <subfield code="0">0</subfield>
    <subfield code="1">0</subfield>
    <subfield code="2">lcc</subfield>
    <subfield code="4">0</subfield>
    <subfield code="6">HF1141 O94  02025 V.00010</subfield>
    <subfield code="7">0</subfield>
    <subfield code="8">BUS</subfield>
    <subfield code="9">376010</subfield>
    <subfield code="a">KSUL</subfield>
    <subfield code="b">KSUL</subfield>
    <subfield code="d">2026-03-03</subfield>
    <subfield code="i">112234</subfield>
    <subfield code="l">0</subfield>
    <subfield code="o">HF 1141 .O94 2025 V.10</subfield>
    <subfield code="p">A000574</subfield>
    <subfield code="r">2026-03-03 12:16:00</subfield>
    <subfield code="t">1</subfield>
    <subfield code="w">2026-03-03</subfield>
    <subfield code="y">BK</subfield>
  </datafield>
  <datafield tag="952" ind1=" " ind2=" ">
    <subfield code="0">0</subfield>
    <subfield code="1">0</subfield>
    <subfield code="2">lcc</subfield>
    <subfield code="4">0</subfield>
    <subfield code="6">HF1141 O94  02025 V.00010</subfield>
    <subfield code="7">0</subfield>
    <subfield code="8">BUS</subfield>
    <subfield code="9">376011</subfield>
    <subfield code="a">KSUL</subfield>
    <subfield code="b">KSUL</subfield>
    <subfield code="d">2026-03-03</subfield>
    <subfield code="i">112235</subfield>
    <subfield code="l">0</subfield>
    <subfield code="o">HF 1141 .O94 2025 V.10</subfield>
    <subfield code="p">A000576</subfield>
    <subfield code="r">2026-03-03 12:16:00</subfield>
    <subfield code="t">2</subfield>
    <subfield code="w">2026-03-03</subfield>
    <subfield code="y">BK</subfield>
  </datafield>
  <datafield tag="952" ind1=" " ind2=" ">
    <subfield code="0">0</subfield>
    <subfield code="1">0</subfield>
    <subfield code="2">lcc</subfield>
    <subfield code="4">0</subfield>
    <subfield code="6">HF1141 O94  02025 V.00010</subfield>
    <subfield code="7">0</subfield>
    <subfield code="8">BUS</subfield>
    <subfield code="9">376012</subfield>
    <subfield code="a">KSUL</subfield>
    <subfield code="b">KSUL</subfield>
    <subfield code="d">2026-03-03</subfield>
    <subfield code="i">112236</subfield>
    <subfield code="l">0</subfield>
    <subfield code="o">HF 1141 .O94 2025 V.10</subfield>
    <subfield code="p">A000578</subfield>
    <subfield code="r">2026-03-03 12:16:00</subfield>
    <subfield code="t">3</subfield>
    <subfield code="w">2026-03-03</subfield>
    <subfield code="y">BK</subfield>
  </datafield>
  <datafield tag="952" ind1=" " ind2=" ">
    <subfield code="0">0</subfield>
    <subfield code="1">0</subfield>
    <subfield code="2">lcc</subfield>
    <subfield code="4">0</subfield>
    <subfield code="6">HF1141 O94  02025 V.00010</subfield>
    <subfield code="7">0</subfield>
    <subfield code="8">BUS</subfield>
    <subfield code="9">376013</subfield>
    <subfield code="a">KSUL</subfield>
    <subfield code="b">KSUL</subfield>
    <subfield code="d">2026-03-03</subfield>
    <subfield code="i">112237</subfield>
    <subfield code="l">0</subfield>
    <subfield code="o">HF 1141 .O94 2025 V.10</subfield>
    <subfield code="p">A000580</subfield>
    <subfield code="r">2026-03-03 12:16:00</subfield>
    <subfield code="t">4</subfield>
    <subfield code="w">2026-03-03</subfield>
    <subfield code="y">BK</subfield>
  </datafield>
  <datafield tag="952" ind1=" " ind2=" ">
    <subfield code="0">0</subfield>
    <subfield code="1">0</subfield>
    <subfield code="2">lcc</subfield>
    <subfield code="4">0</subfield>
    <subfield code="6">HF1141 O94  02025 V.00010</subfield>
    <subfield code="7">0</subfield>
    <subfield code="8">BUS</subfield>
    <subfield code="9">376014</subfield>
    <subfield code="a">KSUL</subfield>
    <subfield code="b">KSUL</subfield>
    <subfield code="d">2026-03-03</subfield>
    <subfield code="i">112238</subfield>
    <subfield code="l">0</subfield>
    <subfield code="o">HF 1141 .O94 2025 V.10</subfield>
    <subfield code="r">2026-03-03 12:16:00</subfield>
    <subfield code="t">5</subfield>
    <subfield code="w">2026-03-03</subfield>
    <subfield code="y">BK</subfield>
  </datafield>
</record>
